| 000 | 00628nam a22002057a 4500 | ||
|---|---|---|---|
| 999 |
_c61772 _d61772 |
||
| 005 | 20240501120248.0 | ||
| 008 | 240501s2007 enk||||| |||| 00| 0 eng d | ||
| 020 | _a9780323043311x | ||
| 041 | _aeng | ||
| 080 | _a616.097 N-97 | ||
| 100 |
_aNairn, Roderick _922010 |
||
| 245 |
_aImmunology for Medical Students / _cRoderick Nairn, Matthew Helbert. |
||
| 250 | _a2nd Edition | ||
| 264 |
_aPhiladelphia : _bMosby, _c2007. |
||
| 300 |
_a308 p.: _bill.; _c28 cm. |
||
| 653 | _aიმუნოლოგია | ||
| 653 | _aმედიცინა | ||
| 700 |
_aHelbert, Matthew _eავტორი _922011 |
||
| 942 |
_2udc _cBK |
||